000 00273nam a22001337a 4500
008 170224b xxu||||| |||| 00| 0 eng d
020 _a9781416037477
041 _aeng
080 _a617
100 _a5
101 _aSHK
245 _aSURGERY
_cMANN, B.D
942 _2udc
_cBK
999 _c6236
_d6236